000 00555nam a2200181Ia 4500
008 090123s9999 xx 000 0 und d
082 _b34436
100 _aदवणे प्रविण अनंत
245 _aसावर रे !
250 _a1
260 _bनवचैतन्य प्रकाशन
_c2002
300 _a135
600 _aदवणे प्रविण अनंत
630 _aसावर रे !
700 _aदवणे प्रविण अनंत
730 _aसावर रे !
942 _cBOOK
999 _c72484
_d72484